[Event "Portugal Open 2018"]
[Site "Lisboa POR"]
[Date "2018.02.04"]
[Round "4.1"]
[White "Jobava, Baadur"]
[Black "Diermair, Andreas"]
[Result "1/2-1/2"]
[BlackElo "2495"]
[WhiteElo "2685"]
[LiveChessVersion "1.4.8"]

1. d4 {[%clk 1:08:26]} d5 {[%clk 1:30:57]} 2. c4 {[%clk 1:08:52]} c6
{[%clk 1:31:25]} 3. cxd5 {[%clk 1:09:19]} cxd5 {[%clk 1:31:54]} 4. Nc3
{[%clk 1:09:45]} Nf6 {[%clk 1:32:21]} 5. Nf3 {[%clk 1:10:14]} Nc6
{[%clk 1:32:48]} 6. Bf4 {[%clk 1:10:42]} Bf5 {[%clk 1:33:15]} 7. e3
{[%clk 1:11:10]} e6 {[%clk 1:33:42]} 8. Bd3 {[%clk 1:11:38]} Bxd3
{[%clk 1:34:09]} 9. Qxd3 {[%clk 1:12:06]} Bd6 {[%clk 1:34:35]} 10. Bxd6
{[%clk 1:12:34]} Qxd6 {[%clk 1:35:03]} 11. O-O {[%clk 1:13:00]} O-O
{[%clk 1:35:30]} 12. Rfc1 {[%clk 1:13:29]} Rfc8 {[%clk 1:35:54]} 13. Ne2
{[%clk 1:13:56]} Nd7 {[%clk 1:36:18]} 14. h3 {[%clk 1:14:23]} a6 {[%clk 1:36:42]}
15. a3 {[%clk 1:14:51]} h6 {[%clk 1:37:07]} 16. Rc2 {[%clk 1:15:19]} Rc7
{[%clk 1:37:31]} 17. Rac1 {[%clk 1:15:47]} Rac8 {[%clk 1:37:56]} 18. Qd1
{[%clk 1:16:14]} Ne7 {[%clk 1:38:19]} 19. Rxc7 {[%clk 1:16:42]} Rxc7
{[%clk 1:38:44]} 20. Rxc7 {[%clk 1:17:11]} Qxc7 {[%clk 1:39:08]} 21. Qc1
{[%clk 1:17:40]} 1/2-1/2

[Event "Portugal Open 2018"]
[Site "Lisboa POR"]
[Date "2018.02.04"]
[Round "4.2"]
[White "Nayhebaver, Martin"]
[Black "Demchenko, Anton"]
[Result "1/2-1/2"]
[BlackElo "2671"]
[WhiteElo "2456"]
[LiveChessVersion "1.4.8"]

1. e4 {[%clk 1:30:53]} c5 {[%clk 1:30:34]} 2. Nf3 {[%clk 1:31:05]} Nc6
{[%clk 1:30:52]} 3. Nc3 {[%clk 1:29:47]} d6 {[%clk 1:30:57]} 4. d4
{[%clk 1:29:17]} cxd4 {[%clk 1:31:22]} 5. Nxd4 {[%clk 1:29:43]} Nf6
{[%clk 1:31:39]} 6. Bg5 {[%clk 1:29:03]} e6 {[%clk 1:31:46]} 7. Qd2
{[%clk 1:29:20]} a6 {[%clk 1:32:10]} 8. O-O-O {[%clk 1:29:15]} Bd7
{[%clk 1:32:19]} 9. f4 {[%clk 1:28:27]} Be7 {[%clk 1:31:56]} 10. Nf3
{[%clk 1:24:44]} b5 {[%clk 1:32:05]} 11. Bd3 {[%clk 1:22:11]} b4 {[%clk 1:17:20]}
12. Ne2 {[%clk 1:22:07]} Qc7 {[%clk 1:13:39]} 13. Ned4 {[%clk 1:15:47]} Nxd4
{[%clk 1:03:05]} 14. Nxd4 {[%clk 1:16:09]} Qb6 {[%clk 1:02:40]} 15. Nf3
{[%clk 1:14:20]} Ng4 {[%clk 0:55:56]} 16. Bxe7 {[%clk 1:10:58]} Kxe7
{[%clk 0:56:24]} 17. Rde1 {[%clk 1:09:45]} Nf2 {[%clk 0:55:22]} 18. Rhg1
{[%clk 1:07:52]} Nxd3+ {[%clk 0:53:00]} 19. Qxd3 {[%clk 1:05:05]} Rac8
{[%clk 0:49:19]} 20. Rd1 {[%clk 1:01:27]} Rhd8 {[%clk 0:42:05]} 21. Qd4
{[%clk 0:56:58]} Qxd4 {[%clk 0:40:20]} 22. Rxd4 {[%clk 0:57:17]} a5
{[%clk 0:40:22]} 23. Rgd1 {[%clk 0:54:58]} Bc6 {[%clk 0:38:42]} 24. e5
{[%clk 0:48:02]} Bd5 {[%clk 0:34:09]} 25. R1d3 {[%clk 0:42:33]} dxe5
{[%clk 0:27:36]} 26. Nxe5 {[%clk 0:42:49]} f6 {[%clk 0:27:06]} 27. Nf3
{[%clk 0:42:59]} Rc7 {[%clk 0:26:32]} 28. a3 {[%clk 0:39:50]} Rdc8
{[%clk 0:25:03]} 29. Ne1 {[%clk 0:38:37]} Rb8 {[%clk 0:17:05]} 30. f5
{[%clk 0:33:25]} bxa3 {[%clk 0:14:34]} 31. Rxa3 {[%clk 0:33:44]} Rb4
{[%clk 0:15:03]} 32. Rxb4 {[%clk 0:33:30]} axb4 {[%clk 0:15:33]} 33. Rg3
{[%clk 0:33:44]} Kd6 {[%clk 0:15:10]} 34. fxe6 {[%clk 0:33:01]} Bxe6
{[%clk 0:15:20]} 35. Kd2 {[%clk 0:31:58]} g5 {[%clk 0:14:30]} 36. b3
{[%clk 0:31:30]} h5 {[%clk 0:10:14]} 37. Nd3 {[%clk 0:31:01]} Rb7
{[%clk 0:09:54]} 38. Re3 {[%clk 0:29:03]} Bd5 {[%clk 0:07:48]} 1/2-1/2

[Event "Portugal Open 2018"]
[Site "Lisboa POR"]
[Date "2018.02.04"]
[Round "4.3"]
[White "Ghamarian, Tigran"]
[Black "Kaczur, Florian"]
[Result "1/2-1/2"]
[BlackElo "2459"]
[WhiteElo "2622"]
[LiveChessVersion "1.4.8"]

1. e4 {[%clk 1:29:59]} e5 {[%clk 1:30:55]} 2. Nf3 {[%clk 1:29:59]} Nc6
{[%clk 1:31:01]} 3. Bb5 {[%clk 1:30:24]} a6 {[%clk 1:31:15]} 4. Ba4
{[%clk 1:30:49]} Nf6 {[%clk 1:31:40]} 5. O-O {[%clk 1:31:11]} Nxe4
{[%clk 1:30:08]} 6. d4 {[%clk 1:31:19]} b5 {[%clk 1:30:34]} 7. Bb3
{[%clk 1:31:42]} d5 {[%clk 1:30:49]} 8. dxe5 {[%clk 1:32:02]} Be6
{[%clk 1:31:13]} 9. Qe2 {[%clk 1:30:11]} Bc5 {[%clk 1:27:02]} 10. Nbd2
{[%clk 1:25:00]} Nxd2 {[%clk 1:24:56]} 11. Bxd2 {[%clk 1:25:25]} O-O
{[%clk 1:20:11]} 12. Rad1 {[%clk 1:24:04]} Bg4 {[%clk 1:06:00]} 13. Be3
{[%clk 1:22:45]} d4 {[%clk 0:54:53]} 14. Bf4 {[%clk 1:21:49]} Qe8
{[%clk 0:49:39]} 15. Qe4 {[%clk 1:16:56]} Be6 {[%clk 0:42:35]} 16. Ng5
{[%clk 1:02:54]} g6 {[%clk 0:42:42]} 17. Bg3 {[%clk 1:03:06]} h6 {[%clk 0:36:00]}
18. Nxe6 {[%clk 0:48:57]} fxe6 {[%clk 0:36:13]} 19. Bd5 {[%clk 0:45:42]} exd5
{[%clk 0:33:27]} 20. Qxd5+ {[%clk 0:44:21]} Rf7 {[%clk 0:33:43]} 21. Qxc5
{[%clk 0:43:41]} Qe6 {[%clk 0:34:00]} 22. Qa3 {[%clk 0:43:39]} Rd7
{[%clk 0:32:36]} 23. Rfe1 {[%clk 0:40:29]} Ne7 24. Qb3 {[%clk 0:35:16]} Qxb3
{[%clk 0:30:39]} 25. axb3 {[%clk 0:35:30]} c5 {[%clk 0:30:18]} 26. e6 Rd5
{[%clk 0:29:48]} 27. c4 {[%clk 0:32:53]} dxc3 {[%clk 0:26:37]} 28. bxc3
{[%clk 0:33:15]} Rxd1 {[%clk 0:24:39]} 29. Rxd1 {[%clk 0:33:44]} Nf5
{[%clk 0:25:00]} 30. b4 {[%clk 0:26:25]} cxb4 {[%clk 0:23:18]} 31. cxb4
{[%clk 0:26:40]} Re8 {[%clk 0:23:00]} 1/2-1/2

[Event "Portugal Open 2018"]
[Site "Lisboa POR"]
[Date "2018.02.04"]
[Round "4.4"]
[White "Indjic, Aleksandar"]
[Black "Venkatesh, M.R."]
[Result "1/2-1/2"]
[BlackElo "2445"]
[WhiteElo "2612"]
[LiveChessVersion "1.4.8"]

1. d4 {[%clk 1:30:39]} Nf6 {[%clk 1:29:10]} 2. c4 {[%clk 1:30:49]} e6
{[%clk 1:29:28]} 3. Nf3 {[%clk 1:29:48]} Bb4+ {[%clk 1:29:44]} 4. Nbd2
{[%clk 1:28:55]} O-O {[%clk 1:30:00]} 5. a3 {[%clk 1:29:17]} Be7 {[%clk 1:30:25]}
6. e4 {[%clk 1:29:19]} d5 {[%clk 1:30:47]} 7. Qc2 {[%clk 1:26:26]} c5
{[%clk 1:21:45]} 8. e5 {[%clk 1:26:38]} Nfd7 {[%clk 1:22:09]} 9. Bd3
{[%clk 1:25:59]} h6 {[%clk 1:22:17]} 10. cxd5 {[%clk 1:20:21]} exd5
{[%clk 1:22:13]} 11. O-O {[%clk 1:20:37]} Nc6 {[%clk 1:14:04]} 12. Re1
{[%clk 1:20:36]} Nxd4 {[%clk 1:07:24]} 13. Nxd4 {[%clk 1:20:58]} cxd4
{[%clk 1:07:50]} 14. Nf3 {[%clk 1:20:58]} Qb6 {[%clk 1:07:31]} 15. b3
{[%clk 1:11:32]} a5 {[%clk 1:05:45]} 16. Bb2 {[%clk 1:11:53]} Nc5
{[%clk 1:06:11]} 17. Nxd4 {[%clk 1:11:17]} Be6 {[%clk 1:03:05]} 18. Rab1
{[%clk 0:58:00]} Rac8 {[%clk 1:01:34]} 19. Qd1 {[%clk 0:58:15]} Rfd8
{[%clk 0:53:50]} 20. Bc2 {[%clk 0:56:59]} Ne4 {[%clk 0:45:25]} 21. Qe2
{[%clk 0:45:12]} Bc5 {[%clk 0:17:36]} 22. Rbd1 {[%clk 0:44:52]} a4
{[%clk 0:09:58]} 23. b4 {[%clk 0:44:08]} Bxd4 {[%clk 0:09:03]} 24. Bxd4
{[%clk 0:44:18]} Qc6 {[%clk 0:09:27]} 25. Rc1 {[%clk 0:43:32]} Qc4
{[%clk 0:06:30]} 26. Qe3 {[%clk 0:43:42]} Qa2 {[%clk 0:05:53]} 27. Bxa4
{[%clk 0:40:59]} Rxc1 {[%clk 0:05:33]} 28. Rxc1 {[%clk 0:40:50]} Rc8
{[%clk 0:04:42]} 29. Rxc8+ {[%clk 0:35:22]} Bxc8 {[%clk 0:05:11]} 30. Qc1
{[%clk 0:35:29]} Bf5 {[%clk 0:04:41]} 31. Qb2 {[%clk 0:26:22]} Qc4
{[%clk 0:04:18]} 32. f3 {[%clk 0:22:45]} Ng5 {[%clk 0:04:46]} 33. Bb3
{[%clk 0:22:19]} Qd3 {[%clk 0:05:06]} 34. Bxd5 {[%clk 0:22:17]} Qd1+
{[%clk 0:04:49]} 35. Kf2 {[%clk 0:22:32]} Ne6 {[%clk 0:04:43]} 36. Bxe6
{[%clk 0:22:54]} Bxe6 {[%clk 0:05:02]} 37. h3 {[%clk 0:21:43]} b5
{[%clk 0:05:15]} 38. Qc3 {[%clk 0:21:00]} Kh7 {[%clk 0:05:00]} 39. Qe3
{[%clk 0:19:18]} Bd5 {[%clk 0:04:29]} 40. Kg3 {[%clk 0:19:11]} Qc2
{[%clk 0:03:45]} 41. h4 {[%clk 0:16:44]} Qg6+ {[%clk 0:02:15]} 42. Kh2
{[%clk 0:16:50]} Qf5 {[%clk 0:02:20]} 43. Bc3 {[%clk 0:16:07]} Qc2
{[%clk 0:00:41]} 44. Be1 {[%clk 0:15:51]} Be6 {[%clk 0:00:38]} 45. h5
{[%clk 0:13:44]} Bd5 {[%clk 0:00:37]} 46. Kh3 {[%clk 0:12:32]} Qf5+
{[%clk 0:00:48]} 47. Kh4 {[%clk 0:12:54]} Qc2 {[%clk 0:00:47]} 48. Bd2
{[%clk 0:11:28]} Qb1 {[%clk 0:00:40]} 49. g4 {[%clk 0:11:03]} Qc2
{[%clk 0:00:33]} 50. Kg3 {[%clk 0:11:16]} Kg8 {[%clk 0:00:53]} 51. f4
{[%clk 0:07:20]} Qd3 {[%clk 0:01:03]} 52. f5 {[%clk 0:07:05]} Qf1
{[%clk 0:01:30]} 53. Be1 {[%clk 0:06:14]} Qg2+ {[%clk 0:00:59]} 54. Kf4
{[%clk 0:06:37]} Qf1+ {[%clk 0:00:36]} 55. Bf2 {[%clk 0:06:57]} Kh7
{[%clk 0:00:54]} 56. Qd4 {[%clk 0:05:40]} Qg2 {[%clk 0:01:09]} 57. Ke3
{[%clk 0:05:52]} Bf3 {[%clk 0:00:44]} 58. e6 {[%clk 0:05:58]} fxe6
{[%clk 0:01:01]} 59. fxe6 {[%clk 0:06:26]} Bxg4 {[%clk 0:00:53]} 60. Qd3+
{[%clk 0:02:43]} Kh8 {[%clk 0:01:20]} 61. Qd8+ {[%clk 0:02:38]} Kh7
{[%clk 0:01:47]} 62. Ke4 1/2-1/2

[Event "Portugal Open 2018"]
[Site "Lisboa POR"]
[Date "2018.02.04"]
[Round "4.5"]
[White "Savanovic, Aleksandar"]
[Black "Petrov, Nikita"]
[Result "1/2-1/2"]
[BlackElo "2573"]
[WhiteElo "2448"]
[LiveChessVersion "1.4.8"]

1. e4 e5 2. Nf3 Nc6 3. Bb5 a6 4. Ba4 Nf6 5. O-O Be7 6. Re1 b5 7. Bb3 d6 8. c3 O-O
9. h3 Bb7 10. d4 Nd7 11. Nbd2 exd4 12. cxd4 Re8 13. Nf1 Bf6 14. N1h2 Na5 15. Bc2
c5 16. d5 Nc4 17. Rb1 Nde5 18. Nxe5 Nxe5 19. f4 Nd7 20. Nf3 c4 21. Be3 Rc8 22.
Bf2 g6 23. b4 cxb3 24. axb3 b4 25. Bd3 Bc3 26. Re2 Nc5 27. Bxc5 Rxc5 28. Kh2 a5
29. Qg1 Qc8 30. Rd1 Bg7 31. Qf2 Rc3 32. Bb5 Rd8 33. Ba6 Bxa6 34. Ree1 Rc2 35. Qb6
Bh6 36. Kg3 Be2 37. Rd2 Rxd2 38. Nxd2 Ba6 39. Nf3 Bd3 40. Qe3 Ba6 41. Qb6 Bd3 42.
Qe3 Ba6 43. Qb6 Bd3 44. Qxa5 Bg7 1/2-1/2

[Event "Portugal Open 2018"]
[Site "Lisboa POR"]
[Date "2018.02.04"]
[Round "4.6"]
[White "Gomez Ledo, Roberto Carlos"]
[Black "Sanal, Vahap"]
[Result "1-0"]
[BlackElo "2551"]
[WhiteElo "2442"]
[LiveChessVersion "1.4.8"]

1. d4 {[%clk 1:30:57]} Nf6 {[%clk 1:20:53]} 2. Bf4 {[%clk 1:31:09]} g6
{[%clk 1:19:03]} 3. e3 {[%clk 1:31:28]} Bg7 {[%clk 1:19:20]} 4. Nf3
{[%clk 1:31:31]} c5 {[%clk 1:19:10]} 5. c3 {[%clk 1:30:51]} b6 {[%clk 1:18:17]}
6. h3 {[%clk 1:30:44]} Bb7 {[%clk 1:18:36]} 7. Be2 {[%clk 1:30:28]} O-O
{[%clk 1:18:32]} 8. O-O {[%clk 1:30:49]} d6 {[%clk 1:18:51]} 9. a4
{[%clk 1:30:20]} Nbd7 {[%clk 1:18:43]} 10. Nbd2 {[%clk 1:27:49]} a6
{[%clk 1:18:51]} 11. Bh2 {[%clk 1:28:12]} Qb8 {[%clk 1:17:50]} 12. Qb3
{[%clk 1:26:30]} Bc6 {[%clk 1:10:51]} 13. c4 {[%clk 1:23:03]} e5 {[%clk 1:05:51]}
14. Rfd1 {[%clk 1:10:05]} cxd4 {[%clk 0:54:47]} 15. exd4 {[%clk 1:10:25]} Nh5
{[%clk 0:53:50]} 16. d5 {[%clk 1:05:29]} Nc5 {[%clk 0:46:20]} 17. Qc2
{[%clk 1:04:16]} Bd7 {[%clk 0:45:45]} 18. b4 {[%clk 1:03:08]} Nb7
{[%clk 0:44:54]} 19. a5 {[%clk 0:47:12]} bxa5 {[%clk 0:44:50]} 20. c5 dxc5
{[%clk 0:13:29]} 21. bxc5 {[%clk 0:47:34]} Nf4 {[%clk 0:13:54]} 22. Bxf4
{[%clk 0:46:15]} exf4 {[%clk 0:13:30]} 23. Rac1 {[%clk 0:38:36]} Rc8
{[%clk 0:13:11]} 24. c6 {[%clk 0:38:02]} Bf5 {[%clk 0:11:47]} 25. Bd3
{[%clk 0:36:37]} Bxd3 {[%clk 0:12:15]} 26. Qxd3 {[%clk 0:36:54]} Nd6
{[%clk 0:12:41]} 27. Nc4 {[%clk 0:35:18]} Rd8 {[%clk 0:06:16]} 28. Nxd6
{[%clk 0:34:05]} Qxd6 {[%clk 0:06:42]} 29. Ng5 {[%clk 0:32:01]} Rac8
{[%clk 0:02:09]} 30. Ne4 {[%clk 0:31:33]} Qb4 {[%clk 0:01:43]} 31. d6
{[%clk 0:31:19]} Be5 {[%clk 0:01:51]} 32. c7 {[%clk 0:27:40]} Rd7
{[%clk 0:02:12]} 33. Qxa6 {[%clk 0:27:19]} 1-0

[Event "Portugal Open 2018"]
[Site "Lisboa POR"]
[Date "2018.02.04"]
[Round "4.7"]
[White "Kanarek, Marcel"]
[Black "Rocha, Sergio"]
[Result "1/2-1/2"]
[BlackElo "2371"]
[WhiteElo "2512"]
[LiveChessVersion "1.4.8"]

1. e4 {[%clk 1:30:49]} g6 {[%clk 1:30:39]} 2. d4 {[%clk 1:30:53]} Bg7
{[%clk 1:31:03]} 3. Nc3 {[%clk 1:30:30]} d5 {[%clk 1:31:25]} 4. exd5
{[%clk 1:19:19]} Nf6 {[%clk 1:30:58]} 5. Nf3 {[%clk 1:16:17]} Nxd5
{[%clk 1:31:21]} 6. Nxd5 {[%clk 1:16:10]} Qxd5 {[%clk 1:31:46]} 7. Be2
{[%clk 1:16:00]} O-O {[%clk 1:32:06]} 8. O-O {[%clk 1:16:03]} Nd7
{[%clk 1:30:28]} 9. Bf4 {[%clk 1:02:19]} c5 {[%clk 1:26:20]} 10. c4
{[%clk 1:01:25]} Qe4 {[%clk 1:22:40]} 11. Be3 {[%clk 0:59:40]} cxd4
{[%clk 1:21:30]} 12. Nxd4 {[%clk 0:58:49]} Ne5 {[%clk 1:20:38]} 13. Nb5
{[%clk 0:47:09]} Bg4 {[%clk 1:07:40]} 14. Nc3 {[%clk 0:11:40]} Bxe2
{[%clk 1:03:05]} 15. Nxe4 {[%clk 0:11:30]} Bxd1 {[%clk 1:03:26]} 16. Raxd1
{[%clk 0:11:52]} Nxc4 {[%clk 1:03:21]} 17. Rd7 {[%clk 0:11:13]} b6
{[%clk 0:44:38]} 18. b3 {[%clk 0:11:25]} Nxe3 {[%clk 0:43:05]} 19. fxe3
{[%clk 0:11:51]} f5 {[%clk 0:42:51]} 20. Ng5 {[%clk 0:09:00]} Rfd8
{[%clk 0:38:02]} 21. Rfd1 {[%clk 0:06:51]} Rxd7 {[%clk 0:38:11]} 22. Rxd7
{[%clk 0:07:20]} Bf6 {[%clk 0:33:21]} 23. Ne6 {[%clk 0:06:21]} Kf7
{[%clk 0:32:56]} 24. Nf4 {[%clk 0:06:04]} g5 {[%clk 0:30:44]} 25. Nd5
{[%clk 0:05:53]} h5 {[%clk 0:29:02]} 26. Rb7 {[%clk 0:04:29]} Rd8
{[%clk 0:24:01]} 27. Nxf6 {[%clk 0:04:38]} Kxf6 {[%clk 0:24:25]} 28. Rxa7
{[%clk 0:04:52]} b5 {[%clk 0:22:44]} 29. Kf1 {[%clk 0:03:08]} Rd2
{[%clk 0:22:52]} 30. Rb7 {[%clk 0:02:07]} Rxa2 {[%clk 0:23:10]} 31. Rxb5
{[%clk 0:02:36]} h4 {[%clk 0:23:27]} 32. h3 {[%clk 0:02:10]} Rb2 {[%clk 0:23:25]}
33. Rb7 {[%clk 0:01:47]} g4 {[%clk 0:20:21]} 34. hxg4 {[%clk 0:00:35]} fxg4
{[%clk 0:20:45]} 35. Rb4 {[%clk 0:00:40]} Kf5 {[%clk 0:18:06]} 36. Rf4+
{[%clk 0:00:37]} Kg5 {[%clk 0:18:31]} 37. Re4 {[%clk 0:00:43]} g3
{[%clk 0:16:24]} 38. Re5+ {[%clk 0:00:35]} Kg6 {[%clk 0:14:11]} 39. Re4
{[%clk 0:00:54]} Kg5 {[%clk 0:14:18]} 40. Re5+ {[%clk 0:01:23]} Kf6
{[%clk 0:11:41]} 41. Rh5 {[%clk 0:00:36]} Rxb3 {[%clk 0:10:59]} 42. Ke2
{[%clk 0:00:34]} Rb4 {[%clk 0:06:24]} 43. Kf3 {[%clk 0:00:54]} Kg6
{[%clk 0:05:58]} 44. Rh8 {[%clk 0:01:09]} e6 {[%clk 0:03:54]} 45. e4
{[%clk 0:00:36]} Kf6 {[%clk 0:02:45]} 46. Rxh4 {[%clk 0:00:35]} Ke5
{[%clk 0:03:09]} 47. Ke2 {[%clk 0:00:59]} Rb3 {[%clk 0:03:24]} 48. Rg4
{[%clk 0:00:59]} Kd4 {[%clk 0:03:24]} 49. e5+ {[%clk 0:00:59]} Kxe5
{[%clk 0:03:24]} 50. Ra4 {[%clk 0:00:59]} Kf5 {[%clk 0:03:55]} 51. Ra5+
{[%clk 0:00:33]} e5 {[%clk 0:04:18]} 52. Ra2 {[%clk 0:00:34]} Kf4
{[%clk 0:03:53]} 53. Rc2 {[%clk 0:00:35]} Rb1 {[%clk 0:02:22]} 54. Rc8
{[%clk 0:00:32]} Rg1 {[%clk 0:02:08]} 55. Rf8+ {[%clk 0:00:33]} Ke4
{[%clk 0:02:32]} 56. Rg8 {[%clk 0:00:32]} Rxg2+ {[%clk 0:02:44]} 57. Kf1
{[%clk 0:00:38]} Rf2+ {[%clk 0:02:58]} 58. Kg1 {[%clk 0:01:02]} Rf3
{[%clk 0:02:09]} 59. Kg2 {[%clk 0:00:57]} Re3 {[%clk 0:01:50]} 60. Ra8
{[%clk 0:00:48]} Rd3 {[%clk 0:01:11]} 61. Re8 {[%clk 0:00:41]} Ra3
{[%clk 0:00:57]} 62. Rb8 {[%clk 0:00:36]} Re3 {[%clk 0:00:45]} 63. Ra8
{[%clk 0:00:57]} Kf5 {[%clk 0:00:56]} 64. Rf8+ {[%clk 0:01:17]} Ke4 65. Ra8
1/2-1/2

[Event "Portugal Open 2018"]
[Site "Lisboa POR"]
[Date "2018.02.04"]
[Round "4.8"]
[White "Gabrielian, Artur"]
[Black "To, Nhat Minh"]
[Result "0-1"]
[BlackElo "2338"]
[WhiteElo "2502"]
[LiveChessVersion "1.4.8"]

1. Nf3 {[%clk 1:29:58]} c5 {[%clk 1:30:53]} 2. g3 {[%clk 1:25:22]} g6
{[%clk 1:30:09]} 3. Bg2 {[%clk 1:24:10]} Bg7 {[%clk 1:30:37]} 4. d4
{[%clk 1:24:23]} cxd4 {[%clk 1:30:39]} 5. Nxd4 {[%clk 1:24:49]} Nc6
{[%clk 1:30:41]} 6. Nb3 {[%clk 1:25:09]} d6 {[%clk 1:27:42]} 7. Nc3
{[%clk 1:24:22]} Nf6 {[%clk 1:24:19]} 8. h3 {[%clk 1:24:24]} O-O {[%clk 1:24:34]}
9. e4 {[%clk 1:24:18]} Bd7 {[%clk 1:09:44]} 10. Nd5 {[%clk 1:21:35]} Rc8
{[%clk 1:08:10]} 11. O-O {[%clk 1:18:51]} Ne5 {[%clk 1:00:59]} 12. Re1
{[%clk 1:03:34]} Nc4 {[%clk 0:57:12]} 13. c3 {[%clk 1:02:06]} e6 {[%clk 0:54:59]}
14. Nxf6+ {[%clk 0:58:34]} Qxf6 {[%clk 0:54:11]} 15. a4 {[%clk 0:53:35]} Rfd8
{[%clk 0:49:48]} 16. Nd4 {[%clk 0:51:19]} e5 {[%clk 0:43:01]} 17. Nc2
{[%clk 0:47:45]} Be6 {[%clk 0:38:31]} 18. Nb4 {[%clk 0:42:33]} Qe7
{[%clk 0:34:53]} 19. Nd5 {[%clk 0:39:29]} Qf8 {[%clk 0:33:30]} 20. a5
{[%clk 0:25:22]} Rc5 {[%clk 0:30:05]} 21. b4 {[%clk 0:20:27]} Rcc8
{[%clk 0:29:06]} 22. Bg5 {[%clk 0:19:30]} f6 {[%clk 0:29:07]} 23. Bc1
{[%clk 0:19:49]} Qf7 {[%clk 0:28:19]} 24. Bf1 {[%clk 0:11:20]} Bxd5
{[%clk 0:27:59]} 25. exd5 {[%clk 0:11:21]} f5 {[%clk 0:27:58]} 26. Qb3
{[%clk 0:10:08]} Qxd5 {[%clk 0:26:49]} 27. Bg5 {[%clk 0:07:21]} Rd7
{[%clk 0:26:57]} 28. b5 {[%clk 0:03:38]} Qf7 {[%clk 0:25:44]} 29. a6
{[%clk 0:03:46]} b6 {[%clk 0:25:43]} 30. Red1 {[%clk 0:03:08]} e4
{[%clk 0:21:31]} 31. Bf4 {[%clk 0:02:33]} Ne5 {[%clk 0:20:31]} 32. Qa4
{[%clk 0:01:58]} Nf3+ {[%clk 0:19:08]} 33. Kg2 {[%clk 0:02:20]} Be5
{[%clk 0:19:29]} 34. Bxe5 {[%clk 0:00:37]} Nxe5 {[%clk 0:17:39]} 35. Qb4
{[%clk 0:00:44]} Rc5 {[%clk 0:17:26]} 36. Be2 {[%clk 0:01:02]} d5
{[%clk 0:15:07]} 37. Qd4 {[%clk 0:01:17]} Qf6 {[%clk 0:13:14]} 38. Ra2
{[%clk 0:00:31]} f4 {[%clk 0:13:02]} 39. Kh2 {[%clk 0:00:32]} Rf7
{[%clk 0:09:45]} 40. Kh1 {[%clk 0:00:38]} fxg3 {[%clk 0:04:21]} 41. fxg3
{[%clk 0:01:03]} Qg5 {[%clk 0:04:38]} 42. Rg1 {[%clk 0:00:37]} Nf3
{[%clk 0:04:07]} 43. Bxf3 {[%clk 0:00:37]} Rxf3 {[%clk 0:04:31]} 44. Rag2
{[%clk 0:00:32]} 0-1

[Event "Portugal Open 2018"]
[Site "Lisboa POR"]
[Date "2018.02.04"]
[Round "4.9"]
[White "Nevednichy, Vladislav"]
[Black "Sterck, Arno"]
[Result "1/2-1/2"]
[BlackElo "2295"]
[WhiteElo "2551"]
[LiveChessVersion "1.4.8"]

1. e4 {[%clk 1:30:58]} e5 {[%clk 1:24:30]} 2. Nf3 {[%clk 1:31:23]} Nc6
{[%clk 1:24:51]} 3. Bc4 {[%clk 1:31:50]} Nf6 {[%clk 1:25:17]} 4. d3
{[%clk 1:32:17]} Be7 {[%clk 1:25:42]} 5. O-O {[%clk 1:32:42]} O-O
{[%clk 1:26:02]} 6. Re1 {[%clk 1:32:47]} d6 {[%clk 1:26:27]} 7. a4
{[%clk 1:33:07]} Na5 {[%clk 1:26:54]} 8. Ba2 {[%clk 1:33:33]} c5 {[%clk 1:27:20]}
9. c3 {[%clk 1:29:50]} Nc6 {[%clk 1:27:38]} 10. Na3 {[%clk 1:29:55]} h6
{[%clk 1:28:00]} 11. Bd2 {[%clk 1:29:17]} a6 {[%clk 1:28:24]} 12. h3
{[%clk 1:28:37]} Rb8 {[%clk 1:23:55]} 13. Nc2 {[%clk 1:24:48]} Be6
{[%clk 1:23:27]} 14. Bxe6 {[%clk 1:24:47]} fxe6 {[%clk 1:23:49]} 15. d4
{[%clk 1:25:08]} Qb6 {[%clk 1:12:30]} 16. dxe5 {[%clk 1:22:52]} Nxe5
{[%clk 1:12:12]} 17. Nxe5 {[%clk 1:23:16]} dxe5 {[%clk 1:12:34]} 18. Na3
{[%clk 1:22:24]} Qc7 {[%clk 1:05:37]} 19. Qe2 {[%clk 1:18:46]} Rbd8
{[%clk 1:00:46]} 20. Rad1 {[%clk 1:16:57]} Rd7 {[%clk 0:54:12]} 21. Bc1
{[%clk 1:04:50]} Rxd1 {[%clk 0:49:33]} 22. Rxd1 {[%clk 1:04:58]} Qc6
{[%clk 0:49:54]} 23. Nc4 {[%clk 1:02:05]} Qxa4 {[%clk 0:47:45]} 24. Nxe5
{[%clk 1:00:21]} Qxe4 {[%clk 0:45:56]} 25. Qxe4 {[%clk 1:00:35]} Nxe4
{[%clk 0:46:17]} 26. Ng6 {[%clk 0:58:33]} Rf7 {[%clk 0:40:18]} 27. Re1
{[%clk 0:58:49]} Nf6 {[%clk 0:40:04]} 28. Rxe6 {[%clk 0:59:05]} Bf8
{[%clk 0:38:17]} 29. Nxf8 {[%clk 0:48:22]} Kxf8 {[%clk 0:37:02]} 30. Be3
{[%clk 0:48:21]} Rc7 {[%clk 0:36:13]} 31. Bf4 {[%clk 0:47:05]} Rd7
{[%clk 0:35:39]} 32. g4 {[%clk 0:30:36]} Kf7 {[%clk 0:34:42]} 33. Re1
{[%clk 0:30:05]} Nd5 {[%clk 0:29:21]} 34. Bc1 {[%clk 0:29:45]} b5
{[%clk 0:28:58]} 35. f4 {[%clk 0:26:28]} b4 {[%clk 0:26:49]} 36. Rd1
{[%clk 0:20:48]} b3 {[%clk 0:23:41]} 37. Kf2 {[%clk 0:16:00]} a5 {[%clk 0:21:23]}
38. c4 {[%clk 0:08:43]} Nb6 {[%clk 0:21:48]} 39. Rxd7+ {[%clk 0:09:11]} Nxd7
{[%clk 0:22:12]} 40. Ke3 {[%clk 0:09:39]} Nb6 {[%clk 0:21:17]} 41. Ke4 1/2-1/2

[Event "Portugal Open 2018"]
[Site "Lisboa POR"]
[Date "2018.02.04"]
[Round "4.10"]
[White "Haria, Ravi"]
[Black "Sevian, Samuel"]
[Result "1/2-1/2"]
[BlackElo "2617"]
[WhiteElo "2376"]
[LiveChessVersion "1.4.8"]

1. Nf3 {[%clk 1:28:35]} d5 {[%clk 1:29:38]} 2. g3 {[%clk 1:28:41]} Bg4
{[%clk 1:26:57]} 3. Bg2 {[%clk 1:28:39]} e6 {[%clk 1:27:23]} 4. O-O
{[%clk 1:24:20]} Nf6 {[%clk 1:22:02]} 5. h3 {[%clk 1:23:30]} Bh5 {[%clk 1:22:14]}
6. d4 {[%clk 1:21:06]} Be7 {[%clk 1:22:24]} 7. c4 {[%clk 1:15:19]} c6
{[%clk 1:22:24]} 8. cxd5 {[%clk 1:13:05]} exd5 {[%clk 1:21:35]} 9. Qb3
{[%clk 1:13:02]} Qc8 {[%clk 1:09:51]} 10. Nc3 {[%clk 1:09:56]} O-O
{[%clk 1:09:51]} 11. Bf4 {[%clk 1:10:12]} Nbd7 {[%clk 1:05:31]} 12. Rac1
{[%clk 1:09:45]} Bxf3 {[%clk 1:02:14]} 13. Bxf3 {[%clk 1:09:49]} Nb6
{[%clk 1:02:40]} 14. Kg2 {[%clk 1:07:58]} Qd8 {[%clk 1:03:01]} 15. Rfd1
{[%clk 1:03:52]} Re8 {[%clk 1:01:36]} 16. Be5 {[%clk 0:50:46]} Nfd7
{[%clk 0:55:07]} 17. Bf4 {[%clk 0:49:07]} Nf6 {[%clk 0:52:40]} 18. Be5
{[%clk 0:49:18]} Nfd7 {[%clk 0:46:07]} 19. Bf4 {[%clk 0:49:39]} 1/2-1/2